Αναλυτικά προγράμματα : θεωρία και τεχνογνωσία σχεδιασμού και αναμόρφωσης
Saved in:
| Main Author: | |
|---|---|
| Other Authors: | |
| Format: | Book |
| Language: | Greek |
| Published: |
Θεσσαλονίκη :
Art of text,
1994
|
| Subjects: | |
| Tags: |
Add Tag
No Tags, Be the first to tag this record!
|
MARC
| LEADER | 00000cam a2200000 i 4500 | ||
|---|---|---|---|
| 001 | 1/39245 | ||
| 008 | 131216s1994 gre d | ||
| 020 | |a 960-312-037-5 | ||
| 035 | |l 10116166 | ||
| 040 | |a GR-MY-UA |b gre |e aacr | ||
| 041 | 0 | |a gre | |
| 082 | 0 | |a 375 |2 (22) | |
| 100 | 1 | |a Βρεττός, Γιάννης Ε. | |
| 245 | 1 | 0 | |a Αναλυτικά προγράμματα : |b θεωρία και τεχνογνωσία σχεδιασμού και αναμόρφωσης / |c Γιάννης Ε. Βρεττός, Αχιλ. Γ. Καψάλης |
| 260 | |a Θεσσαλονίκη : |b Art of text, |c 1994 | ||
| 300 | |a 202 σ.; |c 24 εκ. | ||
| 504 | |a Βιβλιογραφία: σ. 191-202 | ||
| 650 | 0 | 0 | |a Education |x Curricula. |
| 650 | 0 | 0 | |a Educational planning. |
| 650 | 0 | 0 | |a Education |x Curricula |z Greece. |
| 700 | 1 | |a Καψάλης, Αχιλλέας Γ. | |
| 852 | |a INST |b RHODES |e 20131216 |h 375 ΒΡΕ |p 005400035930 |q 005400035930 |t BK |y 0 | ||
| 852 | |a INST |b RHODES |e 20131216 |h 375 ΒΡΕ |p 005400035931 |q 005400035931 |t BK |y 0 | ||
| 901 | |a BIBL4-2013-3 | ||
| 909 | |a Ρ |b 182438 | ||
| 909 | |a Ρ |b 182439 | ||
| 970 | |z 2013/12/16 | ||